Statistics for Oscar Supporting Actresses Quiz

Click here to take the quiz!

General Stats

  • This quiz has been taken 18,422 times
    (2,032 since last reset)
  • The average score is 29 of 82

Answer Stats

Year Movie Actress % Correct
1980Kramer vs. KramerMeryl Streep
91%
2013Les MisérablesAnne Hathaway
81%
2003ChicagoCatherine
Zeta-Jones
78%
2000Girl, InterruptedAngelina Jolie
71%
2004Cold MountainRenée Zellweger
70%
2017FencesViola Davis
69%
2009Vicky Cristina BarcelonaPenélope Cruz
68%
1991GhostWhoopi Goldberg
67%
2005The AviatorCate Blanchett
67%
1989The Accidental TouristGeena Davis
64%
1999Shakespeare in LoveJudi Dench
63%
2007DreamgirlsJennifer Hudson
61%
2020Marriage StoryLaura Dern
61%
1998L.A. ConfidentialKim Basinger
56%
2012The HelpOctavia Spencer
53%
1993My Cousin VinnyMarisa Tomei
51%
2014Twelve Years a SlaveLupita Nyong'o
51%
1961Elmer GantryShirley Jones
51%
1979California SuiteMaggie Smith
49%
2018I, TonyaAllison Janney
48%
2002A Beautiful MindJennifer Connelly
48%
2015BoyhoodPatricia Arquette
47%
2016The Danish GirlAlicia Vikander
47%
2006The Constant GardenerRachel Weisz
47%
1994The PianoAnna Paquin
47%
1983TootsieJessica Lange
46%
1974Paper MoonTatum O'Neal
45%
1984The Year of Living DangerouslyLinda Hunt
43%
2010PreciousMo'Nique
43%
2019If Beale Street Could TalkRegina King
42%
1975Murder on the Orient
Express
Ingrid Bergman
40%
2008Michael ClaytonTilda Swinton
40%
1996Mighty AphroditeMira Sorvino
39%
1997The English PatientJuliette Binoche
39%
1986Prizzi's HonorAnjelica Huston
39%
1970Cactus FlowerGoldie Hawn
37%
1988MoonstruckOlympia Dukakis
35%
2011The FighterMelissa Leo
35%
1962West Side StoryRita Moreno
33%
1987, 1995Hannah and Her Sisters, Bullets Over BroadwayDianne Wiest
32%
1940Gone with the WindHattie McDaniel
31%
1952A Streetcar Named DesireKim Hunter
31%
2001PollockMarcia Gay Harden
30%
1978JuliaVanessa Redgrave
28%
1960, 1966The Diary of Anne Frank, A Patch of BlueShelley Winters
26%
1963The Miracle WorkerPatty Duke
26%
1955On the WaterfrontEva Marie Saint
25%
1992The Fisher KingMercedes Ruehl
25%
1971AirportHelen Hayes
25%
1990My Left FootBrenda Fricker
25%
1972The Last Picture ShowCloris Leachman
23%
1981Melvin and HowardMary Steenburgen
22%
1969Rosemary's BabyRuth Gordon
22%
1982RedsMaureen Stapleton
21%
1945None but the Lonely HeartEthel Barrymore
20%
1954From Here to EternityDonna Reed
20%
1976ShampooLee Grant
19%
1985A Passage to IndiaPeggy Ashcroft
19%
1967Who's Afraid of Virginia Woolf?Sandy Dennis
19%
1977NetworkBeatrice Straight
18%
1943Mrs. MiniverTeresa Wright
17%
1968Bonnie and ClydeEstelle Parsons
17%
1947The Razor's EdgeAnne Baxter
17%
1948Gentleman's AgreementCeleste Holm
16%
1964The V.I.P.sMargaret Rutherford
16%
1950All the King's MenMercedes
McCambridge
15%
1973Butterflies Are FreeEileen Heckart
15%
1942The Great LieMary Astor
14%
1937Anthony AdverseGale Sondergaard
14%
1965Zorba the GreekLila Kedrova
14%
1956East of EdenJo Van Fleet
14%
1957Written on the WindDorothy Malone
14%
1958SayonaraMiyoshi Umeki
14%
1959Separate TablesWendy Hiller
14%
1951HarveyJosephine Hull
13%
1953The Bad and the BeautifulGloria Grahame
13%
1946National VelvetAnne Revere
13%
1944For Whom the Bell TollsKatina Paxinou
13%
1941The Grapes of WrathJane Darwell
13%
1939JezebelFay Bainter
13%
1938In Old ChicagoAlice Brady
13%
1949Key LargoClaire Trevor
13%

Score Distribution

Percentile by Number Answered

Percent of People with Each Score

Your Score History

You have not taken this quiz since the last reset